| 000 | 00357nam a22001577a 4500 | ||
|---|---|---|---|
| 999 |
_c5045 _d5043 |
||
| 005 | 20210908130509.0 | ||
| 008 | 160701b xxu||||| |||| 00| 0 eng d | ||
| 041 | _aeng | ||
| 082 | _b20306 | ||
| 100 |
_aSai prasad S V _96916 |
||
| 245 | _aObjective plant protection | ||
| 260 | _bNew vishal | ||
| 300 | _a552 | ||
| 650 |
_aAgriculture _92837 |
||
| 942 | _cBK | ||